| 000 | 00933cam a22002897a 4500 | ||
|---|---|---|---|
| 003 | CHAP | ||
| 005 | 20220329141851.0 | ||
| 008 | 980317d1994 mx a r 00110 spa d | ||
| 010 | _a75011 | ||
| 011 | _a75983 | ||
| 035 | _a85557 | ||
| 040 | _cCHAP | ||
| 090 | _aFolleto 14907 | ||
| 100 | 0 | 0 |
_aSantos Moreno, Armando. _9102515 |
| 245 | 0 |
_aQuímica y bioquímica de grasas y aceites _c/por Armando Santos Moreno |
|
| 260 |
_aChapingo, Méx. : _bUACH. Departamento de Ingeniería Agroindustrial, _c1994. |
||
| 300 |
_a70 p. : _bilus. |
||
| 590 |
_aBATCH-UPD _b10 _c20130110 _lUCH01 _h2202 |
||
| 590 |
_aBATCH-UPD _b10 _c20130410 _lUCH01 _h1509 |
||
| 590 |
_aBATCH-UPD _b10 _c20130914 _lUCH01 _h1552 |
||
| 590 |
_aCONVERSION _b10 _c20130109 _lUCH01 _h1341 |
||
| 650 | 1 | 4 |
_aGrasas y aceites _xAnálisis. _9153869 |
| 901 | _aBK | ||
| 905 | _aLilia Sánchez G. | ||
| 942 | _cFOLL | ||
| 949 |
_aFolleto 14907 _bBC _cUACH _d855571 _eUACH _i85557 _sb |
||
| 999 |
_c75011 _d75011 |
||